000 01023nam a22002177a 4500
999 _c58552
_d58552
003 Ge_BSU
005 20220602105053.0
008 220602s2019 ge ||||| |||| 00| 0 geo d
020 _a9789941819728
041 _ageo
080 _a1(430)(092 ნიცშე) +27-1 ი-27
100 _aიასპერსი, კარლ
_913943
245 _aნიცშე და ქრისტიანობა /
_cკარლ იასპერსი ; გერმანულიდან თარგმნა ვახტანგ გორგიშელმა.
264 _aთბილისი :
_bაქტი,
_c2019.
300 _a112 გვ. ;
_b20 სმ.
653 _aნიცშე, ფრიდრიხ, 1844-1900.
653 _aგერმანელი ფილოსოფოსები.
653 _aქრისტიანობის ფილოსოფია.
700 _aგორგიშელი, ვახტანგ
_eმთარგმნელი
_913944
942 _2udc
_cBK